Quien ama educa : (Registro nro. 11311)

Detalles MARC
000 -LIDER
fixed length control field 01168cam a2200409 4500
001 - NÚMERO DE CONTROL
Identificador de número de control 5202
003 - IDENTIFICACDOR DE NÚMERO DE CONTROL
control field DO-SdBNP
005 - DATE AND TIME OF LATEST TRANSACTION
control field 20230509125843.0
007 - CAMPOS FIJOS DE DESCRIPCIÓN FÍSICA
fixed length control field 5202
008 - ELEMENTOS DE LONGITUD FIJA
fixed length control field 090507s 2009 mx 000 0
015 ## - NÚMERO DENTRO DE LA BIBLIOGRAFÍA NACIONAL
National bibliography number
017 ## - NÚMERO DE REGISTRO DE DERECHOS DE AUTOR
Copyright or legal deposit number
Assigning agency
020 ## - ISBN
International Standard Book Number 9786071101297
035 ## - NÚMERO LOCAL
System control number
040 ## - FUENTE DE CATALOGACIÓN
Agencia que crea de manera original el registro BPMSU
Idioma de catalogación spa
Agencia que realiza la transcripción BPMSU
Convenciones de la despripción
041 1# - CÓDIGOS DE OBRAS TRADUCIDAS O EN VARIOS IDIOMAS
Código del idioma del texto/archivo de sonido o separata spa
Cód. del idioma original y/o traducciones intermedias del texto
080 ## - NÚMERO DE CLASIFICACIÓN DECIMAL UNIVERSAL
Universal Decimal Classification number
080 ## - NÚMERO DE CLASIFICACIÓN DECIMAL UNIVERSAL
Universal Decimal Classification number
082 #4 - NÚMERO DE CLASIFICACIÓN DECIMAL DE DEWEY
Classification number 170
Item number T552q 2008
Edition number 22
100 1# - ASIENTO PRINCIPAL -- NOMBRE PERSONAL
Nombre personal Tiba, Içami,
Fechas asociadas con el nombre 1941-
245 10 - MENCIÓN DE TITULO
Título Quien ama educa :
Subtítulo la formación de ciudadanos éticos /
Medio (Designación general de material)
Mención de responsabilidad Içami Tiba ; traducción de Blanca Luz Pulido.
250 ## - MENCIÓN DE EDICION
Mención de edición
260 ## - PUBLICACIÓN, DISTRIBUCIÓN, ETC. (PIE DE IMPRENTA)
Lugar de publicación, distribución, etc México :
Nombre del editor, distribuidor, etc. Editorial Aguilar,
Fecha de publicación, distribución, etc 2009.
300 ## - DESCRIPCIÓN FÍSICA
Extensión 331 p.;
Dimensiones 24 cm
490 0# - MENCIÓN DE SERIES
Mención de serie Fontanar
500 ## - NOTA GENERAL
Nota general La versión actualizada del libro sobre educación más vendido en Brasil.
504 ## - NOTA DE BIBLIOGRAFÍA, ETC.
Bibliography, etc
590 ## - NOTA LOCAL
Enlace Inventariado, 2023/VM
650 #4 - ENCABEZAMIENTO DE MATERIA--TEMÁTICO
Término temático o nombre geográfico como elemento de entrada Educación moral
650 #4 - ENCABEZAMIENTO DE MATERIA--TEMÁTICO
Término temático o nombre geográfico como elemento de entrada Conciencia (Moral)
650 #4 - ENCABEZAMIENTO DE MATERIA--TEMÁTICO
Término temático o nombre geográfico como elemento de entrada Educación de adolescentes
650 #4 - ENCABEZAMIENTO DE MATERIA--TEMÁTICO
Término temático o nombre geográfico como elemento de entrada Familia
Subdivisión temática general Aspectos morales
650 #4 - ENCABEZAMIENTO DE MATERIA--TEMÁTICO
Término temático o nombre geográfico como elemento de entrada Aclaración de valores
700 1# - ASIENTO SECUNDARIO -- NOMBRE PERSONAL
Nombre personal Pulido, Blanca Luz,
Mención de responsabilidad traductor
910 ## - VALIDACIÓN
Validación VMateo V. Control de calidad (BPMSU)
942 ## - ADDED ENTRY ELEMENTS (KOHA)
Source of classification or shelving scheme Dewey Decimal Classification
Koha item type Libros
Existencias
Withdrawn status Lost status Source of classification or shelving scheme Damaged status Not for loan Collection code Home library Current library Date acquired Source of acquisition Full call number Barcode Date last seen Price effective from Koha item type Copy number Total Checkouts
    Dewey Decimal Classification     Colección General Biblioteca Pública Metropolitana Salomé Ureña Biblioteca Pública Metropolitana Salomé Ureña 09/05/2016 ALFAGUARA BPMSU CG 170 T552q 2008 BPMSU16090136 09/05/2016 09/05/2016 Libros    
    Dewey Decimal Classification     Colección General Biblioteca Pública Metropolitana Salomé Ureña Biblioteca Pública Metropolitana Salomé Ureña 04/02/2018 ALFAGUARA BPMSU CG 170 T552q 2008 BPMSU18040004 04/02/2018 04/02/2018 Libros e.2  
    Dewey Decimal Classification     Colección General Biblioteca Pública Metropolitana Salomé Ureña Biblioteca Pública Metropolitana Salomé Ureña 04/02/2018 ALFAGUARA BPMSU CG 170 T552q 2008 BPMSU23050010 05/09/2023 04/02/2018 Libros e.3